Normal view MARC view

Entry Topical Term

Number of records used in: 1

001 - CONTROL NUMBER

  • control field: 31165

003 - CONTROL NUMBER IDENTIFIER

  • control field: dpl

005 - DATE AND TIME OF LATEST TRANSACTION

  • control field: 20110803164628.0

008 - FIXED-LENGTH DATA ELEMENTS

  • fixed length control field: 110803|||a|||||| | ||| d

040 ## - CATALOGING SOURCE

  • Original cataloging agency: dpl
  • Transcribing agency: dpl

150 ## - HEADING--TOPICAL TERM

  • Topical term or geographic name as entry element: Gurus
  • Geographic subdivision: India
  • Form subdivision: Biography.

670 ## - SOURCE DATA FOUND

  • Source citation: Work cat.: (dpl)54788: Joshi, Vasant 31163, Osho, the luminous rebel :, 2010.

670 ## - SOURCE DATA FOUND

  • Source citation: Work cat.: (dpl)54788: Joshi, Vasant 31163, Osho, the luminous rebel :, 2010.

© Delhi Public Library
Hit Counter
free hit counter